000 00498nam a2200205Ia 4500
003 OSt
005 20221007082336.0
006 a|||||r|||| 00| 0
007 ta
008 221006b |||||||| |||| 00| 0 eng d
024 _a20,910
037 _cTextual
040 _aFLL
_cFLL
_beng
041 _2eng
_aeng
082 _a4:Z2
100 _aSorabjee S.J.
_9699032
245 0 _aLaw of press cons ship in India
942 _h4:Z2
_cTEXL
_2CC
999 _c1166124
_d1166124